000 00518nam a2200181Ia 4500
003 GCL
008 140319s9999 xx 000 0 ara d
040 _aGCL /
_cGCL
082 0 4 _a614.58
_bف.ج
100 1 _aفرويد ، سيجموند
245 1 0 _aالجنس والبشر /
_cفرويد ، سيجموند
260 _a[S.N] :
_bالمكتبة الثقافية
490 _a
650 0 4 _aالشذوذ الجنسى
650 0 4 _aالغرائز
650 0 4 _aالانحراف الجنسى
942 _2ddc
_cBK
999 _c53170
_d53170